Départements possédant un club de foot en Ligue 1 - Statistiques

Statistiques générales
  • Ce quiz a été pris 76 fois
  • Le résultat moyen est 14 sur 18
Statistiques - réponses
Clubs Départements % Correct
Paris Saint-Germain Paris
94%
Paris FC Paris
94%
Lille OSC Nord
93%
Olympique Lyonnais Rhône
93%
Olympique de Marseille Bouches-du-Rhône
90%
AS Monaco Monaco
90%
RC Lens Pas-de-Calais
83%
Stade Brestois Finistère
82%
RC Strasbourg Bas-Rhin
77%
FC Lorient Morbihan
77%
FC Nantes Loire-Atlantique
76%
OGC Nice Alpes Maritimes
75%
FC Metz Moselle
73%
Toulouse FC Haute-Garonne
69%
Stade Rennais Ille-et-Vilaine
68%
Le Havre AC Seine-Maritime
66%
AJ Auxerre Yonne
65%
Angers SCO Maine-et-Loire
63%
Aucun quiz correspondant
Distribution des résultats
% des personnes avec chaque résultat
Percentile par nombre de réponses
Votre historique - résultats
Vous n’avez pas pris ce quiz